000 00570nam a22001817a 4500
005 20251108165454.0
008 250721s1993 xx 000 0 ara d
082 1 4 _aم/028.7/ناه
100 1 _aالشعراوي، ناهد أحمد السيد
245 1 0 _aدروس في المكتبة العربية /
264 1 _aالاسكندرية :
_bدار المعرفة الجامعية،
_c1993.
300 _a251ص
650 1 7 _aالمواد المرجعية
650 1 7 _aالأدب العربي
650 1 7 _aالمراجع
942 _2ddc
_cREF
999 _c28722
_d28722